| 000 | 00852nam a2200253Ia 4500 | ||
|---|---|---|---|
| 003 | IN-BaIIA | ||
| 008 | 211028s9999 xx 000 0 eng d | ||
| 020 | _a978-0-201-51884-9 | ||
| 040 | _cIIA Library | ||
| 080 |
_a621.389.04 _bFRA |
||
| 100 |
_aFranklin, Gene F. _918053 |
||
| 245 | 0 |
_aDigital control of dynamic systems _cGene F. Franklin, David J. Powell and Michael L. Workman |
|
| 250 | _a2nd ed. | ||
| 260 |
_aMasachusetts _bAddison-Wesley _c1990 |
||
| 300 | _axxi, 837p. | ||
| 490 | _aAddison-Wesley series in electrical and computer engineering | ||
| 650 |
_aControl systems design _918054 |
||
| 650 |
_aDigital control _918055 |
||
| 650 |
_aDynamic systems _918056 |
||
| 650 | _aNASA Thesaurus | ||
| 700 |
_aPowell, David J. _918057 |
||
| 700 |
_aWorkman, Michael L. _918058 |
||
| 942 | _cBK | ||
| 999 |
_c10586 _d10586 |
||